00537nam a22002057a 450000500170000001000130001702000100003003500130004003700160005304000120006908200150008110000160009624500590011226000380017127000530020930000200026249000060028265000280028865000150031620170124105933.0 aA-541071 c00.00 aA-541071 bCen Lib/Ret aDPLbEN a302.5bJOH aJohn, M. P. aThe creative power in the iondividual /cby M.P. John  aPondicherry c1992bConsecration  bPondicherry a13/15, Rue De La compagniee605001 a109p.c17cm(Hb) a  aCreativity Development  aPhilosophy